गल्प- संसार माला / (Record no. 122284)

MARC details
000 -LEADER
fixed length control field 00884nam a2200265 4500
010 ## - LIBRARY OF CONGRESS CONTROL NUMBER
LC control number 077763
020 ## - INTERNATIONAL STANDARD BOOK NUMBER
Terms of availability 1.50
035 ## - SYSTEM CONTROL NUMBER
System control number 077763
037 ## - SOURCE OF ACQUISITION
Source of stock number/acquisition Cen Lib / Ret
040 ## - CATALOGING SOURCE
Original cataloging agency DPL
Language of cataloging HN
082 ## - DEWEY DECIMAL CLASSIFICATION NUMBER
Classification number
Item number सेनगु
100 ## - MAIN ENTRY--PERSONAL NAME
Personal name सेन गुप्त
245 ## - TITLE STATEMENT
Title गल्प- संसार माला /
Statement of responsibility, etc सम्पादक सेन गुप्त
246 ## - VARYING FORM OF TITLE
Title proper/short title Galp-sansar mala /
Remainder of title edited by Sen-Gupt Nandgopal
250 ## - EDITION STATEMENT
Remainder of edition statement 3rd ed
260 ## - PUBLICATION, DISTRIBUTION, ETC. (IMPRINT)
Place of publication, distribution, etc बनारस
Name of publisher, distributor, etc सरस्वती प्रेस
Date of publication, distribution, etc 1946
270 ## - ADDRESS
City बनारस
300 ## - PHYSICAL DESCRIPTION
Extent v 3. 197p
Other physical details 24cm.(Hb)
500 ## - GENERAL NOTE
General note v 3. बँगला
650 ## - SUBJECT ADDED ENTRY--TOPICAL TERM
Topical term or geographic name as entry element हिन्दी साहित्य – कहानी
650 ## - SUBJECT ADDED ENTRY--TOPICAL TERM
Topical term or geographic name as entry element हिन्दी साहित्य
650 ## - SUBJECT ADDED ENTRY--TOPICAL TERM
Topical term or geographic name as entry element Hindi story
650 ## - SUBJECT ADDED ENTRY--TOPICAL TERM
Topical term or geographic name as entry element Hindi literature
942 ## - ADDED ENTRY ELEMENTS (KOHA)
Source of classification or shelving scheme Dewey Decimal Classification
Koha item type Hindi Books
Classification part
Call number suffix सेनगु
Holdings
Withdrawn status Lost status Materials specified (bound volume or other part) Damaged status Not for loan Collection code Home library Current library Date acquired Source of acquisition Cost, normal purchase price Total Checkouts Full call number Barcode Date last seen Cost, replacement price Price effective from Koha item type
    v.3   Not For Loan Reference Central Library Central Library 11/03/2016 Cen Lib/Ret 1.50   क सेनगु 077763 11/03/2016 1.50 11/03/2016 Hindi Books

© Delhi Public Library
Hit Counter
free hit counter